Zákony pracovního stresu

Pravidlá bezpečnosti a ochrany zdravia pri práci (BOZP) sa od júla 2017 v ČR rozšírili, a to v oblasti boja proti stresu. Prevencia pri ochrane a podpore zamestnanca. Definícia stresu. Interné a externé stresory. Model pracovného stresu - stresory, symptómy a konzekvencie. Primárna (proaktívna) prev...

Descrizione completa

Salvato in:
Dettagli Bibliografici
Autore principale: Ulčin, Peter
Natura: Capitolo di libro
Lingua:ceco
Soggetti:
Tags: Aggiungi Tag
Nessun Tag, puoi essere il primo ad aggiungerne!!

MARC

LEADER 00000naa a2200000 4500
001 0237873
005 20221104111914.7
041 0 |a cze 
044 |a CZ 
245 1 0 |a Zákony pracovního stresu  |c Peter Ulčin 
520 |a Pravidlá bezpečnosti a ochrany zdravia pri práci (BOZP) sa od júla 2017 v ČR rozšírili, a to v oblasti boja proti stresu. Prevencia pri ochrane a podpore zamestnanca. Definícia stresu. Interné a externé stresory. Model pracovného stresu - stresory, symptómy a konzekvencie. Primárna (proaktívna) prevencia. Sekundárna prevencia. Terciárna (reaktívna) prevencia. 
610 2 0 |a práca 
610 2 0 |a pracovníci 
610 2 0 |a zamestnanci 
610 2 0 |a stresy 
610 2 0 |a ochrana zdravia 
610 2 0 |a bezpečnosť práce 
100 1 |a Ulčin, Peter